Ponencias /

Enregistré dans:
Détails bibliographiques
Auteur principal: Grimson, Alejandro
Collectivités auteurs: Instituto de Desarrollo Económico y Social, IDES CLACSO. Grupo de Trabajo Cultura y Poder
Format: Texte
Sujets:
Tags: Ajouter un tag
Pas de tags, Soyez le premier à ajouter un tag!

MARC

LEADER 00000 a a2200000 04500
001 29291
003
040
090 |a 191701  
100 |a Grimson, Alejandro  
110 |a Instituto de Desarrollo Económico y Social  
245 |a Ponencias /  |c Instituto de Desarrollo Económico y Social  
650 |a REPRESENTACIONES SOCIALES  
650 |a MOVIMIENTO SOCIAL  
650 |a CRISIS  
650 |a ESTADO  
650 |a INVESTIGACION  
650 |a ARGENTINA  
710 |a IDES   |a CLACSO. Grupo de Trabajo Cultura y Poder  
999 |c 13064  |d 13064